000 00793nam a2200289Ia 4500
001 A0690
003 IT-RoPAU
008 130308s9999 xx 000 0 und d
040 _aIT-RoPAU
040 _cIT-RoPAU
041 _aITALIANO
100 _aMasi Stefano
100 _gCodice Aut. SPICS: 12287
245 _aHardware del neorealismo (L'). Ferri del mestiere e strategie della tecnica
245 _bNeorealismo-Cinema Italiano 1945-1949
250 _a1a ed.
260 _aTORINO
260 _bEDT
260 _c1989 [1° Ed.:1989 - Ed.Ling.Originale:1989]
300 _a"4 p. (prefazione: no ; testo: 4 [pagine: 49-52])"
650 _aSTORIA NAZIONALE DEL CINEMA
650 _eCodice materia Spics: 6809
942 _cBK
957 _71
999 _c54130
_d54130
999 _bSI
999 _g1